How to Teach Hinduism to your Child?/ (Record no. 175712)

MARC details
000 -LEADER
fixed length control field 00645nam a22001937a 4500
005 - DATE AND TIME OF LATEST TRANSACTION
control field 20200923103631.0
010 ## - LCCN (DPL NO)
LC control number ENG-128448
020 ## - INTERNATIONAL STANDARD BOOK NUMBER
Terms of availability 100.00
International Standard Book Number 9789388492454
035 ## - SYSTEM CONTROL NUMBER
System control number EN-111980
037 ## - SOURCE OF ACQUISITION
Source of stock number/acquisition DBAD/PUB
082 ## - DEWEY DECIMAL CLASSIFICATION NUMBER
Classification number 230
100 ## - MAIN ENTRY--PERSONAL NAME
Personal name Rao, K. Aravinda
245 ## - TITLE STATEMENT
Title How to Teach Hinduism to your Child?/
Statement of responsibility, etc by Dr. K. Aravinda Rao
260 ## - PUBLICATION, DISTRIBUTION, ETC. (IMPRINT)
Place of publication, distribution, etc Vijaywada
Name of publisher, distributor, etc EMESCO BOOKS
Date of publication, distribution, etc 2019
270 ## - ADDRESS
Address 33-22-2, Chandram Buildings, C.R.Road, Chuttungunta
City Vijaywada
Postal code 520004
Telephone number 0866-2436643
Electronic mail address emescovja@gmail.com
300 ## - PHYSICAL DESCRIPTION
Extent 172p.
Dimensions 21cm(pbk)
Other physical details Illustrations
700 ## - ADDED ENTRY--PERSONAL NAME
Personal name Reddy, D. Chandrasekhar
942 ## - ADDED ENTRY ELEMENTS (KOHA)
Source of classification or shelving scheme Dewey Decimal Classification
Item type English Books
Classification part 230
Call number suffix RAO
Holdings
Withdrawn status Lost status Not for loan Collection code Home library Current library Date acquired Source of acquisition Cost, normal purchase price Full call number Barcode Cost, replacement price Koha item type
      Non-fiction Ashok Vihar Ashok Vihar 21/09/2020 DBAD/PUB 100.00 230 RAO EN-111980 100.00 English Books

© Delhi Public Library
Hit Counter
free hit counter